Quick Pick: Oscar Nominated Cities Quiz Stats

 Plays Quiz Updated Jan 23, 2018

Challenge
Share
Tweet
Embed
Score 0/9 Timer 01:00
0 Plays Today
% Correct
Casablanca
92.9%
Chicago
92.9%
Fargo
89.8%
Dunkirk
78.9%
Munich
69.2%
Selma
65%
Babel
56.9%
Nashville
47.4%
Brooklyn
45.9%

Today's Daily Dose

Missing Word
Entertainment 'L'

Word Ladder
Fingers

Quick Pick
When in Rome

On This Day
December 15th II

You're not logged in!

Compare scores with friends on all Sporcle quizzes.
OR
Log In

You Might Also Like...

Show Comments

Extras

Top Quizzes Today


Score Distribution

Your Account Isn't Verified!

In order to create a playlist on Sporcle, you need to verify the email address you used during registration. Go to your Sporcle Settings to finish the process.

Report this User

Report this user for behavior that violates our Community Guidelines.

Details: